Welcome to CU Library Online Public Access Catalogue (OPAC)

Divorce proof your marriage / (Record no. 1214)

MARC details
000 -LEADER
fixed length control field 00673cam a22002294a 4500
001 - CONTROL NUMBER
control field 12746297
005 - DATE AND TIME OF LATEST TRANSACTION
control field 20241114163237.0
008 - FIXED-LENGTH DATA ELEMENTS--GENERAL INFORMATION
fixed length control field 020418s2002 ilua b 000 0 eng
020 ## - INTERNATIONAL STANDARD BOOK NUMBER
International Standard Book Number 0842349952 (HC)
020 ## - INTERNATIONAL STANDARD BOOK NUMBER
International Standard Book Number 084236577X (SC)
050 00 - LIBRARY OF CONGRESS CALL NUMBER
Classification number HQ734
Item number .R7554 2002
082 00 - DEWEY DECIMAL CLASSIFICATION NUMBER
Classification number 306.81
Edition information 21
100 1# - MAIN ENTRY--PERSONAL NAME
Personal name Rosberg, Gary,
Dates associated with a name 1952-
245 10 - TITLE STATEMENT
Title Divorce proof your marriage /
Statement of responsibility, etc. Gary and Barbara Rosberg.
260 ## - PUBLICATION, DISTRIBUTION, ETC.
Place of publication, distribution, etc. Wheaton, Ill. :
Name of publisher, distributor, etc. Tyndale House Publishers,
Date of publication, distribution, etc. c2002.
300 ## - PHYSICAL DESCRIPTION
Extent xi, 334 p. :
Other physical details ill. ;
Dimensions 24 cm.
650 #0 - SUBJECT ADDED ENTRY--TOPICAL TERM
Topical term or geographic name entry element Marriage.
650 #0 - SUBJECT ADDED ENTRY--TOPICAL TERM
Topical term or geographic name entry element Marriage
General subdivision Religious aspects
-- Christianity.
650 #0 - SUBJECT ADDED ENTRY--TOPICAL TERM
Topical term or geographic name entry element Love.
700 1# - ADDED ENTRY--PERSONAL NAME
Personal name Rosberg, Barbara.
942 ## - ADDED ENTRY ELEMENTS (KOHA)
Source of classification or shelving scheme Library of Congress Classification
Koha item type Books
Suppress in OPAC No
999 ## -
-- 1214
-- 1214
Holdings
Withdrawn status Lost status Source of classification or shelving scheme Damaged status Not for loan Collection Home library Current library Shelving location Date acquired Total checkouts Full call number Barcode Date last seen Copy number Price effective from Koha item type
    Library of Congress Classification     Non-fiction Law Library (Miotso) Law Library (Miotso) General stacks 11/14/2024   HQ734 ROS LLM00000943 11/14/2024 1 11/14/2024 Books
© 2023-2024 Copyright: Central University Libraries. All Rights Reserved | Created by: Mahone Tech Office